Machine Learning with Python for Everyone (Record no. 825)

MARC details
000 -LEADER
Fixed length control field 00520nam a2200193 4500
003 - CONTROL NUMBER IDENTIFIER
Control field SEACOMEC
005 - DATE AND TIME OF LATEST TRANSACTION
Control field 20240319112739.0
008 - FIXED-LENGTH DATA ELEMENTS--GENERAL INFORMATION
Fixed length control field 240319b |||||||| |||| 00| 0 eng d
020 ## - INTERNATIONAL STANDARD BOOK NUMBER / ISBN
International Standard Book Number 978-93-539-4490-2
Price 2023
040 ## - CATALOGING SOURCE
Original cataloging agency SEACOMEC
041 ## - LANGUAGE CODE
Language code English
082 ## - DEWEY DECIMAL CLASSIFICATION NUMBER
Classification number 006.3
Book Number F336
100 ## - MAIN ENTRY--PERSONAL NAME
Personal name Fenner, Mark E.
245 ## - TITLE STATEMENT
Title Machine Learning with Python for Everyone
Statement of responsibility Mark E.Fenner
260 ## - IMPRINT
Place of publication Noida
Name of publisher Pearson
Date of publication 2020
300 ## - PHYSICAL DESCRIPTION
Page / Vol. No 473p
Dimensions 24p
650 ## - SUBJECT ADDED ENTRY--TOPICAL TERM
Topical term Computer Science
Form subdivision Artificial intelligence
942 ## - ADDED ENTRY ELEMENTS (KOHA)
Koha item type Books
Holdings
Withdrawn status Lost status Source of classification Damaged status Not for loan Home library Current library Date acquired Total Checkouts Call number Accession number Date last seen Price effective from Koha item type Checked out Date checked out Copy number
    Dewey Decimal Classification     SEACOM ENGINEERING COLLEGE SEACOM ENGINEERING COLLEGE 19/03/2024   006.3 F336 21469 19/03/2024 19/03/2024 Reference Books      
    Dewey Decimal Classification     SEACOM ENGINEERING COLLEGE SEACOM ENGINEERING COLLEGE 19/03/2024 1 006.3 F336 21470 31/03/2026 19/03/2024 Books 14/04/2026 31/03/2026 1
© Seacom Engineering College, All rights reserved.      Powered by Koha